| LEADER | 00652nam a2200193 i 4500 | ||
|---|---|---|---|
| 001 | c000087077 | ||
| 003 | CARM | ||
| 005 | 20071009091101.0 | ||
| 008 | 920729s1962 enk 0001 eng d | ||
| 019 | 1 | |a 9507340 |5 LACONCORD2021 | |
| 035 | |a (OCoLC)28304416 |5 LACONCORD2021 | ||
| 040 | |a VCAV |c VCAV | ||
| 100 | 1 | |a Heriot, Angus, |d 1927- | |
| 245 | 1 | 0 | |a Four-part fugue. |
| 260 | |a London : |b Cassell, |c 1962. | ||
| 300 | |a 1 v. | ||
| 852 | 8 | |b CARM |h A2:AB15B0 |i B02614 |p 0103949 |f BK | |
| 999 | f | f | |i 29d4886f-1cd7-52c2-ae93-5b76fc2f0ea9 |s f8aa652e-4105-551f-9c8a-7aba482f323c |
| 952 | f | f | |p Can circulate |a CAVAL |b CAVAL |c CAVAL |d CARM 1 Store |e B02614 |f A2:AB15B0 |h Other scheme |i book |m 0103949 |